000 00452nam a22001337a 4500
005 20260318115556.0
008 260318b |||||||| |||| 00| 0 eng d
040 _cFLL
041 _2eng
_aeng
100 _aZeba Anam
_91132437
245 _aImpact and Nature of Sexual Harassment at Workplace
_bA Critical Analysis of Indian Legislation, Particularly Prevention of Sexual Harassment Act 2013
260 _aDU
_bFaculty of Law
_c2023
942 _2CC
_cDIS
999 _c1715678
_d1715678